| 000 | 00538nam a2200157 4500 | ||
|---|---|---|---|
| 001 | 112824 | ||
| 003 | ES-MaACL | ||
| 007 | t| | ||
| 008 | 061121s1961 sp r ||||1| spa d | ||
| 100 | 1 |
_aMuro Martínez, Ricardo. _984615 |
|
| 245 | 1 | 0 |
_aCursillos de divulgación forestal / _cpor Ricardo Muro Martínez , Vicente-Angel Sebastián. |
| 260 |
_aBurgos : _b[s.n.], _c1961 ( _fImp. Hijos de Santiago Rodríguez) |
||
| 300 |
_a135 p. : _bil ; _c24 cm. |
||
| 700 | 1 |
_aSebastián, Vicente-Angel. _9105012 |
|
| 852 |
_aES-MaACL _jB-2181 _bR.48011 |
||
| 999 |
_c112824 _d112824 |
||